Biomedical waste management : (Record no. 51682)

MARC details
000 -LEADER
fixed length control field 00704nam a2200253Ia 4500
005 - DATE AND TIME OF LATEST TRANSACTION
control field 20260429111953.0
008 - FIXED-LENGTH DATA ELEMENTS--GENERAL INFORMATION
fixed length control field 260429s9999||||xx |||||||||||||| ||und||
020 ## - INTERNATIONAL STANDARD BOOK NUMBER
International Standard Book Number 9783111303161
041 ## - LANGUAGE CODE
Language English
082 ## - DEWEY DECIMAL CLASSIFICATION NUMBER
Classification number 363.7288
Item number SUY
100 ## - MAIN ENTRY--PERSONAL NAME
Personal name Suyal, Neha
245 #0 - TITLE STATEMENT
Title Biomedical waste management :
Remainder of title bioremediation and recycling /
Statement of responsibility, etc Neha Suyal
260 ## - PUBLICATION, DISTRIBUTION, ETC. (IMPRINT)
Place of publication, distribution, etc Germany :
Name of publisher, distributor, etc De Gruyter,
Date of publication, distribution, etc 2024.
300 ## - PHYSICAL DESCRIPTION
Extent xiii, 285 p.; hb
650 ## - SUBJECT ADDED ENTRY--TOPICAL TERM
Topical term or geographic name as entry element Biomedical wastes
650 ## - SUBJECT ADDED ENTRY--TOPICAL TERM
Topical term or geographic name as entry element Recycling
650 ## - SUBJECT ADDED ENTRY--TOPICAL TERM
Topical term or geographic name as entry element Waste management
650 ## - SUBJECT ADDED ENTRY--TOPICAL TERM
Topical term or geographic name as entry element Environmental science
700 ## - ADDED ENTRY--PERSONAL NAME
Personal name Bora, Roop S.
700 ## - ADDED ENTRY--PERSONAL NAME
Personal name Debbarma, Prasenjit
700 ## - ADDED ENTRY--PERSONAL NAME
Personal name Mishra, Anita
700 ## - ADDED ENTRY--PERSONAL NAME
Personal name Singh, Manali
942 ## - ADDED ENTRY ELEMENTS (KOHA)
Koha item type Text Books
Holdings
Withdrawn status Lost status Damaged status Not for loan Collection code Home library Location Shelving location Date of Cataloging Source of acquisition Total Checkouts Full call number Barcode Date last seen Price effective from Koha item type
        Non-fiction CUTN Central Library CUTN Central Library Social Sciences 29/04/2026 Feel Books, Chennai - Invoice No. BRL/CRB/25-26/568 on 13-02-2026   363.7288 SUY 56710 29/04/2026 29/04/2026 Text Books